000 02548cam a22004454i 4500
003 PE-LiUPU
005 20250731173124.0
008 150623s r 000 0 d
035 _a(Sirsi) a25835
040 _aPE-LiUPU
_bspa
_cPE-LiUPU
_erda
082 0 4 _a286.732
_bA427d
100 1 _aAllen, Malcolm J.,
_eautor.
245 1 0 _aDivine guidance :
_bor worldly pressure? youth ministry in the Seventh-Day Adventist Church /
_cMalcolm J. Allen.
264 1 _aSilver Spring, MD :
_bGeneral Conference of Seventh-day Adventists,
_c1995.
300 _a158 páginas ;
_c20 cm.
336 _atext
_2rdacontent
337 _aunmediated
_2rdamedia
338 _avolume
_2rdacarrier
505 0 _aSeventh-day Adventist youth ministry mission statement. -- Youth ministry and the Elijah message. -- Biblical basis of adventist youth ministry. -- An analysis of youth ministry in the SDA church. -- Youth ministry in the popular churches. -- Discovering our historical motivation in youth ministry - early beginnings. -- The sabbath school and youth department development and purpose. -- The young people's society of Seventh-day Adventists. -- A seprate department. -- The functions of youth ministry and the purpose of the youth society. -- Youth ministry-the expectations of church leaders and the perceptions of other departments. -- Youth ministry-then and now. -- Divine guidance or worldly pressure?. -- Disturbming trends in junior youth ministry. Restructuring and rebuilding youth ministry. -- The General Conference commission on youth. -- Youth ministry today.. and tomorrow. -- What is our Mission?.
526 _aSEG42
526 _aSEG41
526 _aSEG40
526 _aSEG39
526 _aP94
526 _aP87
526 _aP86
526 _aP85
526 _aP77
526 _aP76
526 _aP35
650 0 4 _aAdventistas del Séptimo Día
_xTrabajo de la iglesia con jóvenes.
942 _2ddc
_cBOOK
949 _a286.732 A47
_wDEWEY
_c1
_i38429
_lCCODEBUL1
_mBUL
_p00.00
_r0
_sY
_tBOOK
_u2015-06-24
_xTEOLOGIA
_0COMPRA
_o.STAFF. Colección General
949 _a286.732 A47
_wDEWEY
_c2
_i38430
_lCCODEBUL1
_mBUL
_p00.00
_r0
_sY
_tBOOK
_u2015-06-24
_xTEOLOGIA
_0COMPRA
_o.STAFF. Colección General
949 _a286.732 A47
_wDEWEY
_c3
_i51105
_lCCODEBUL1
_mBUL
_p14.00
_r0
_sY
_tBOOK
_u2015-06-24
_xTEOLOGIA
_0COMPRA
_o.STAFF. Colección General
980 _81
_gALBERTO SANCHEZ Responsable de Automatización
999 _c32800
_d32800